CİNAYET İLANI (Record no. 1214865)

MARC details
000 -LEADER
sabit uzunluktaki kontrol alanı 00242nam a2200097Ia 4500
001 - KONTROL NUMARASI
kontrol alanı 1214865
005 - EN SON İŞLEMİN TARİH VE ZAMANI
kontrol alanı 20250827024540.0
008 - SABİT-UZUNLUKTA VERİ ÖĞELERİ--GENEL BİLGİ
sabit uzunluktaki kontrol alanı 250824s9999 xx 000 0 und d
245 #0 - ESER / YAZAR
ESER ADI CİNAYET İLANI
Yazar Adı AGATHA CHRISTIE
260 ## - YAYIN, DAĞITIM, VB.
YAYIN EVİ ALTIN KİTAPLAR
Holdings
Düşüm durumu Kayıp durumu Hasar Durumu Ödünç verilmez Ana kütüphane Geçerli Kütüphane Edinilen tarih Toplam ödünç verme sayısı Barkod Son görüntüleme tarihi Son ödünç verme tarihi Fiyatın geçerli olmaya başladığı tarih Koha materyal türü
        M. HALİL İBRAHİM HEKİMOĞLU ANADOLU LİSESİ M. HALİL İBRAHİM HEKİMOĞLU ANADOLU LİSESİ 24.08.2025 1 10775020 06.04.2026 01.04.2026 27.08.2025 Books